Every Main American Holiday - Statistics

General Stats
  • This quiz has been taken 49 times
    33 since last reset
  • The average score is 11 of 16
Answer Stats
Hint Answer % Correct
12/25 Christmas
84%
1/1 New Year's Day
84%
11/28 Thanksgiving
84%
7/4 Independence Day
80%
2/14 Valentine's Day
80%
10/31 Halloween
72%
4/21 Easter
68%
9/2 Labor Day
68%
3/17 St. Patrick's Day
68%
12/31 New Year's Eve
64%
12/24 Christmas Eve
56%
5/27 Memorial Day
56%
4/1 April Fools' Day
52%
1/21 Martin Luther King Jr. Day
52%
2/18 Presidents' Day
52%
10/14 Columbus Day
36%
No matching quizzes found
Score Distribution
Percent of People with Each Score
Percentile by Number Answered
Your Score History
You have not taken this quiz since the last reset